Statistics for Cinefixe's 100 More of the Most Iconic Movie Quotes of all Time

Click here to take the quiz!

General Stats

  • This quiz has been taken 84 times
    (47 since last reset)
  • The average score is 30 of 100

Answer Stats

#QuoteMovie% Correct
41Life finds a wayJurassic Park
97%
5Welcome to Jurassic ParkJurassic Park
97%
8You're a Wizard, HarryHarry Potter and the Philosophers Stone
91%
7Toto, I have a feeling we're not in Kansas anymoreThe Wizard of Oz
88%
58Lions and tigers, and bears, oh myThe Wizard of Oz
88%
97May the Force be with youStar Wars
85%
45Do or do not, there is no tryStar Wars, The Empire Strikes Back
85%
71My Precious!The Lord of the Rings, the Two Towers
82%
20Leave the gun, take the cannoliThe Godfather
73%
17Magic Mirror on the wall, who is the fairest one of all?Snow White and the Seven Dwarfs
70%
38With great power comes great responsibilitySpiderman
70%
65I have had it with these mother******* snakes on this mother******* plane!Snakes on a Plane
67%
14Do you like scary movies?Scream
64%
66English mother****** do you speak it!?Pulp Fiction
61%
88Red Rum!The Shining
58%
23That's not a Knife. That's a KnifeCrocodile Dundee
55%
84Great Scott!Back to the Future
52%
49You had me at helloJerry Maguire
52%
51One Two Freddy's coming for youNightmare on Elm Street
52%
19Round up the usual suspectsCasablanca
48%
50I think this is the beginning of a beautiful friendshipCasablanca
48%
95I want to play a gameSaw
48%
90Toga! Toga!Animal House
45%
28I don't know who you are. I don't know what you want. if you're looking for a ransom, I can tell you I don't have money. But what I do have, are a very particular set of skills.Taken
45%
54It rubs the lotion on its skin or else it gets the hose againThe Silence of the Lambs
45%
72Hey Stella!A Streetcar named desire
42%
6Welcome to the real worldThe Matrix
42%
80All righty then!Ace Ventura Pet Detective
39%
22You'll shoot your eye outA Christmas Story
39%
13Ever dance with the devil in the pale moonlight?Batman
36%
99We're on a mission from godThe Blues Brothers
36%
52Remember, remember the fifth of NovemberV for Vendetta
36%
92We're not worthy, we're not worthyWaynes World
36%
61The Horror, the HorrorApocalypse Now
33%
18We rob branksBonnie and Clyde
33%
81Its in the hole!Caddyshack
33%
39What we do in life echoes in eternityGladiator
33%
76A Martini, shaken, not stirredGoldfinger
33%
10They call me Mr. Tibbs!In the Heat of the Night
33%
57Shane! Come back!Shane
33%
1Just when I thought I was out, they pull me back in.The Godfather Part III
33%
33I was born a poor black childThe Jerk
33%
79Somebody stop me!The Mask
33%
82As if!Clueless
30%
75Yeah, well, you know, that's just like your opinion, manThe Big Lebowski
30%
87InconceivableThe Princess Bride
30%
100We came we saw, we kicked its assGhostbusters
27%
74No wire hangers ever!Mommie Dearest
27%
35I am big, its the pictures that got smallSunset Boulevard
27%
36I'm kind of a big deal.Anchorman
24%
67Get off my lawnGran Torino
24%
27I ain't got time to bleedPredator
24%
62We all go a little mad sometimesPsycho
24%
31Its not the years on it, its the mileageRaiders of the Lost Ark
24%
9I'm your HuckleberryTombstone
24%
56Mein Fuhrer! I can walk!Dr. Strangelove (Or how I Learned to Stop Worrying and Love the Bomb)
21%
30I'm too old for this shitLethal Weapon
21%
64God damn you all to hellPlanet of the Apes
21%
42I am not an animal! I am a Human Being!The Elephant Man
21%
60Be Afraid, be very afraidThe Fly
21%
93Game over man, game overAliens
18%
77Coffee's for closers onlyGlengarry Glen Ross
18%
11There can be only oneHighlander
18%
69You're tearing me apart, Lisa!The Room
18%
47You want the moon? Just say the word and i'll throw a lasso around it and pull it down.Its a Wonderful Life
15%
73Snap out of it!Moonstruck
15%
89PlasticsThe Graduate
15%
37Good to be the kingThe History of the World
15%
4Its ShowtimeBeetlejuice
12%
83Forget about itDonnie Brasco
12%
86GroovyEvil Dead 2
12%
68You're tearing me apart!Rebel without a Cause
12%
43Earn thisSaving Private Ryan
12%
24I have come here to chew bubblegum and kick ass, and i'm all out of bubblegumThey Live
12%
94Shall we play a game?War Games
12%
85You BetchaFargo
9%
26Dead or Alive, you're coming with meRobocop
9%
32When you grow up, your heart diesThe Breakfast Club
9%
46The Stuff that dreams are made ofThe Maltese Falcon
9%
91La di da, la di daAnnie Hall
6%
21This is my boom stick!Army of Darkness
6%
12Two men enter, one man leavesMad Max, beyond the Thunder dome
6%
16Is it safe?Marathon Man
6%
59They're coming to get you BarbaraNight of the Living Dead
6%
15What have you done to his eyes?!Rosemarys Baby
6%
2Wait a Minute, wait a minute, you ain't heard nothing yetThe Jazz Singer
6%
44In the name of God, do your dutyTo Kill a Mockingbird
6%
3Its Showtime folksAll that jazz
3%
70You're out of order! You're out of order!And justice for all
3%
55I bet you can squeal like a pigDeliverance
3%
53We accept you one of usFreaks
3%
78Hello GorgeousFunny Girl
3%
34You're going out a youngster, but you've got to come back a star42nd street
0%
98Jesus H. ChristFull Metal Jacket
0%
40Well its not the men in your life that counts, its the life in your menI'm no Angel
0%
48Jerry, don't ask for the moon, we have the starsNow, Voyager
0%
25I aim to misbehaveSerenity
0%
96Shut up and dealThe Apartment
0%
29If they move kill emThe Wild Bunch
0%
63Fill your hands, you son of a bitchTrue Grit
0%

Score Distribution

Percentile by Number Answered

Percent of People with Each Score

Your Score History

You have not taken this quiz since the last reset